[Event "BIH-chT 12th"]
[Site "Sarajevo"]
[Date "2013.06.16"]
[Round "2.1"]
[White "Hadzovic, Amir"]
[Black "Popovic, Darko"]
[Result "1-0"]
[WhiteElo "2212"]
[BlackElo "2171"]
[PlyCount "63"]
[EventDate "2013.06.15"]
[EventType "team-tourn"]
[EventRounds "9"]
[EventCountry "BIH"]
[SourceTitle "CBM 155 Extra"]
[Source "ChessBase"]
[SourceDate "2013.08.26"]
[SourceVersion "1"]
[SourceVersionDate "2013.08.26"]
[SourceQuality "1"]
[WhiteTeam "Sarajevo Alpong"]
[BlackTeam "Zenica Celik"]
[WhiteTeamCountry "BIH"]
[BlackTeamCountry "BIH"]

1. e4 e6 2. Nf3 d5 3. e5 c5 4. g3 Nc6 5. Bg2 Bd7 6. 0-0 Nge7 7. d3 Nf5 8. c4 dxc4 9. dxc4 Qc7 10. Bf4 Ncd4 11. Nc3 Bc6 12. Nxd4 Nxd4 13. Ne4 Be7 14. b4 b6 15. b5 Bb7 16. h4 Rd8 17. Qg4 Kf8 18. h5 Bxe4 19. Bxe4 g5 20. Bxg5 h6 21. Bf4 Bg5 22. Bxg5 hxg5 23. Qxg5 Qe7 24. Qg4 Rg8 25. Qh3 Qg5 26. Rae1 Rh8 27. g4 Rg8 28. f3 Qxe5 29. h6 Rh8 30. Qh4 Rb8 31. f4 Qd6 32. Qf6 1-0

[Event "BIH-chT 6th"]
[Site "Vogosca"]
[Date "2007.06.08"]
[Round "7"]
[White "Popovic, Darko"]
[Black "Arapovic, Vitomir"]
[Result "1/2-1/2"]
[WhiteElo "2025"]
[BlackElo "2379"]
[PlyCount "52"]
[EventDate "2007.06.02"]
[EventType "team-tourn"]
[EventRounds "9"]
[EventCountry "BIH"]
[SourceTitle "EXT 2019"]
[Source "ChessBase"]
[SourceDate "2018.10.10"]
[SourceVersion "1"]
[SourceVersionDate "2018.10.10"]
[SourceQuality "1"]
[WhiteTeam "Zenica Napredak"]
[BlackTeam "Sarajevo Slavija"]
[WhiteTeamCountry "BIH"]
[BlackTeamCountry "BIH"]

1. e4 c5 2. g3 g6 3. Bg2 Bg7 4. f4 Nc6 5. Nf3 e6 6. 0-0 Nge7 7. d3 d5 8. c3 0-0 9. Be3 b6 10. Bf2 dxe4 11. dxe4 e5 12. Na3 Ba6 13. Re1 Qxd1 14. Raxd1 Rad8 15. Bf1 Bxf1 16. Kxf1 Rxd1 17. Rxd1 exf4 18. gxf4 Rd8 19. Rxd8+ Nxd8 20. Bh4 Nec6 21. Bxd8 Nxd8 22. Nb5 Nc6 23. Kf2 Kf8 24. Ke3 f6 25. h3 Ke7 26. Nd2 h5 1/2-1/2

[Event "BIH-chT 6th"]
[Site "Vogosca"]
[Date "2007.06.05"]
[Round "4"]
[White "Galic, Ivan"]
[Black "Popovic, Darko"]
[Result "1-0"]
[WhiteElo "2260"]
[BlackElo "2025"]
[PlyCount "99"]
[EventDate "2007.06.02"]
[EventType "team-tourn"]
[EventRounds "9"]
[EventCountry "BIH"]
[SourceTitle "EXT 2019"]
[Source "ChessBase"]
[SourceDate "2018.10.10"]
[SourceVersion "1"]
[SourceVersionDate "2018.10.10"]
[SourceQuality "1"]
[WhiteTeam "Siroki Brijeg"]
[BlackTeam "Zenica Napredak"]
[WhiteTeamCountry "BIH"]
[BlackTeamCountry "BIH"]

1. c4 f5 2. Nc3 Nf6 3. g3 e5 4. d4 exd4 5. Qxd4 Nc6 6. Qd1 Bb4 7. Bd2 0-0 8. Bg2 Re8 9. a3 Bc5 10. Nf3 d6 11. 0-0 h6 12. Nd5 Nxd5 13. cxd5 Ne5 14. Bc3 Bd7 15. Re1 a5 16. Qc2 Bb6 17. e3 Qe7 18. Red1 Qf7 19. Rac1 c5 20. dxc6 Bxc6 21. Nxe5 dxe5 22. Bxc6 bxc6 23. Rd6 Re6 24. Rcd1 Rae8 25. Qa4 f4 26. exf4 exf4 27. Qxf4 Qh5 28. Rd7 R6e7 29. g4 Qh4 30. Qg3 Qg5 31. Kg2 Rf8 32. h4 Rxd7 33. Rxd7 Rxf2+ 34. Kh3 Qe3 35. Rxg7+ Kf8 36. Qxe3 Bxe3 37. Kg3 Rc2 38. Rg6 c5 39. Rc6 Ke7 40. Kf3 Kd7 41. Ra6 Bc1 42. Rxa5 Bxb2 43. Bxb2 Rxb2 44. Rxc5 Rb3+ 45. Kf4 Rxa3 46. Re5 Ra4+ 47. Kf5 h5 48. gxh5 Rxh4 49. Kg5 Kd6 50. Kxh4 1-0

[Event "BIH-chT 6th"]
[Site "Vogosca"]
[Date "2007.06.04"]
[Round "3"]
[White "Popovic, Darko"]
[Black "Puric, Nenad"]
[Result "1-0"]
[WhiteElo "2025"]
[BlackElo "2275"]
[PlyCount "129"]
[EventDate "2007.06.02"]
[EventType "team-tourn"]
[EventRounds "9"]
[EventCountry "BIH"]
[SourceTitle "EXT 2019"]
[Source "ChessBase"]
[SourceDate "2018.10.10"]
[SourceVersion "1"]
[SourceVersionDate "2018.10.10"]
[SourceQuality "1"]
[WhiteTeam "Zenica Napredak"]
[BlackTeam "Bijeljina SK Panteri"]
[WhiteTeamCountry "BIH"]
[BlackTeamCountry "BIH"]

1. e4 e5 2. Nf3 Nc6 3. Bc4 Be7 4. Nc3 Nf6 5. d3 d6 6. h3 Na5 7. Be3 0-0 8. Qe2 c6 9. Bb3 d5 10. d4 exd4 11. Bxd4 dxe4 12. Nxe4 Nxe4 13. Qxe4 Bb4+ 14. c3 Nxb3 15. axb3 Re8 16. Be5 Bd6 17. 0-0-0 Qe7 18. Rhe1 Bxe5 19. Qxe5 Qxe5 20. Rxe5 Be6 21. Rde1 h6 22. Nd4 Bd7 23. b4 Rxe5 24. Rxe5 Kf8 25. c4 f6 26. Re3 Kf7 27. Kd2 g5 28. c5 h5 29. Ne2 Bf5 30. Nd4 Bd7 31. Ne2 h4 32. Rd3 Bf5 33. Rd6 Ke7 34. Nd4 Bd7 35. Nb3 Rg8 36. f3 Rd8 37. Ke3 Re8 38. Kd2 Rb8 39. Nd4 Ra8 40. Nb3 b6 41. Nd4 Rc8 42. Kc3 a5 43. Kc4 axb4 44. Kxb4 Rb8 45. b3 Ra8 46. Nxc6+ Bxc6 47. Rxc6 bxc5+ 48. Kxc5 Ra2 49. b4 Rxg2 50. b5 Kf7 51. b6 Rb2 52. Kd6 Kg6 53. Kc7 Kf5 54. Rc4 Ke5 55. b7 Kd5 56. Rc6 Rxb7+ 57. Kxb7 f5 58. Rg6 Ke5 59. Rxg5 Kf4 60. Rh5 Kg3 61. Rxf5 Kxh3 62. Rg5 Kh2 63. f4 h3 64. f5 Kh1 65. Rh5 1-0